Dutch Football Champions by Logo - Statistics

General Stats
  • This quiz has been taken 16 times
    7 since last reset
  • The average score is 17 of 28
Answer Stats
Picture Hint Answer % Correct
North-Holland Ajax
100%
South-Holland Feyenoord
100%
Overijssel Go Ahead Eagles
100%
Overijssel Heracles
100%
North-Brabant NAC
100%
North-Brabant PSV
100%
South-Holland Sparta
100%
North-Brabant Willem II
100%
South-Holland ADO Den Haag
86%
North-Holland AZ
86%
North-Brabant EVV Eindhoven
86%
Overijssel FC Twente
86%
South-Holland Be Quick Groningen
57%
North-Holland HFC
57%
South-Holland HBS
43%
South-Holland HVV
43%
South-Holland Quick Den Haag
43%
North-Brabant BVV
29%
North-Holland De Volewijckers
29%
Utrecht DOS
29%
North-Holland DWS
29%
North-Holland Haarlem
29%
Limburg Limburgia
29%
North-Holland RAP
29%
Limburg Rapid JC
29%
North-Holland RCH
29%
Overijssel SC Enschede
29%
South-Holland SVV
29%
No matching quizzes found
Score Distribution
Percent of People with Each Score
Percentile by Number Answered
Your Score History
You have not taken this quiz since the last reset